Welcome to CU Library Online Public Access Catalogue (OPAC)

The nature of the Atonement / (Record no. 6288)

MARC details
000 -LEADER
fixed length control field 00705cam a2200217 a 4500
001 - CONTROL NUMBER
control field 1633956
005 - DATE AND TIME OF LATEST TRANSACTION
control field 20250605083953.0
008 - FIXED-LENGTH DATA ELEMENTS--GENERAL INFORMATION
fixed length control field 960311r19961856stka b 001 0 eng
020 ## - INTERNATIONAL STANDARD BOOK NUMBER
International Standard Book Number 1871828074
020 ## - INTERNATIONAL STANDARD BOOK NUMBER
International Standard Book Number 0802842399 (pbk.)
050 00 - LIBRARY OF CONGRESS CALL NUMBER
Classification number BT265
Item number .C187 1996
082 00 - DEWEY DECIMAL CLASSIFICATION NUMBER
Classification number 232/.3
Edition information 20
100 1# - MAIN ENTRY--PERSONAL NAME
Personal name Campbell, John McLeod,
Dates associated with a name 1800-1872.
245 14 - TITLE STATEMENT
Title The nature of the Atonement /
Statement of responsibility, etc. J. McLeod Campbell ; with a new introduction by James B. Torrance.
260 ## - PUBLICATION, DISTRIBUTION, ETC.
Place of publication, distribution, etc. Edinburgh :
Name of publisher, distributor, etc. Handsel Press ;
Place of publication, distribution, etc. Grand Rapids, Mich. :
Name of publisher, distributor, etc. Eerdmans,
Date of publication, distribution, etc. 1996.
300 ## - PHYSICAL DESCRIPTION
Extent x, 294 p. :
Other physical details ill. ;
Dimensions 23 cm.
650 #0 - SUBJECT ADDED ENTRY--TOPICAL TERM
Topical term or geographic name entry element Atonement.
650 #0 - SUBJECT ADDED ENTRY--TOPICAL TERM
Topical term or geographic name entry element Forgiveness of sin.
650 #0 - SUBJECT ADDED ENTRY--TOPICAL TERM
Topical term or geographic name entry element Future life
General subdivision Christianity.
942 ## - ADDED ENTRY ELEMENTS (KOHA)
Source of classification or shelving scheme Library of Congress Classification
Koha item type Books
Suppress in OPAC No
999 ## -
-- 6288
-- 6288
Holdings
Withdrawn status Lost status Source of classification or shelving scheme Damaged status Not for loan Collection Home library Current library Shelving location Date acquired Total checkouts Full call number Barcode Date last seen Copy number Price effective from Koha item type
    Library of Congress Classification     Non-fiction Undergraduate Library (Christ Temple) Undergraduate Library (Christ Temple) General stacks 06/05/2025   BT285 CAM ulct00003026 06/05/2025 1 06/05/2025 Books
© 2023-2024 Copyright: Central University Libraries. All Rights Reserved | Created by: Mahone Tech Office